000 00482nam a2200193 a 4500
001 1755588053943
003 YourLibrary
005 20250819125239.0
008 250819s2005##################000#0#eng##
020 _a9780007203956
082 0 4 _a520
_bVAM
100 1 _aVamplew, Anton,
_eauthor.
245 1 0 _aSimple Stargazing :
260 _bHarperCollins UK,
_c2005.
300 _a162 pages
650 0 _aNature.
942 _cENGLISH
040 _aYourLibrary
_beng
_cYourLibrary
999 _c582817
_d582817